000 00610nam a2200181Ia 4500
003 IT-RoPAU
005 20220918175301.0
008 120407s9999 xx 000 0 und d
040 _aIT-RoPAU
040 _cIT-RoPAU
100 _aBallestrero, Barbieri, Biffi, Colombo, Dalla Mutta, Giglioni, Magrassi, Mazzarello, Pedemonte, Ponzini, Ricchetti, Saldarini, Siri
_929292
245 _aLiturgia spirito e vita
_bXXXII Settimana Liturgica Nazionale Genova 24-28 agosto 1981
245 _cAA.VV.
260 _aRoma
_bCentro Azione Liturgica
_c1982
300 _c24 cm
_a206 pp.
490 _v1
942 _cBK
_2ddc
999 _c1736
_d1736